Financial Management and Policy / (Record no. 589153)

000 -LEADER
fixed length control field 00427nam a22001457a 4500
020 ## - INTERNATIONAL STANDARD BOOK NUMBER
International Standard Book Number 9788131754467
082 ## - DEWEY DECIMAL CLASSIFICATION NUMBER
Classification number 658.15
Author Mark VAN
100 ## - MAIN ENTRY--PERSONAL NAME
Personal name Van Horne, James C. & Dhamija, Sanjay
245 ## - TITLE STATEMENT
Title Financial Management and Policy /
Statement of responsibility, etc. James C. Van Horne, & Sanjay Dhamija
250 ## - EDITION STATEMENT
Edition statement 12th Edition.
260 ## - PUBLICATION, DISTRIBUTION, ETC.
Place of publication, distribution, etc. New Delhi :
Name of publisher, distributor, etc. Pearson Education,
Date of publication, distribution, etc. 2015.
300 ## - PHYSICAL DESCRIPTION
Extent 940p. ;
Dimensions 24 cm.
563 ## - BINDING INFORMATION
Binding note PBK.
942 ## - ADDED ENTRY ELEMENTS (KOHA)
Source of classification or shelving scheme
Koha item type Book
Holdings
Withdrawn status Lost status Source of classification or shelving scheme Damaged status Not for loan Permanent Location Current Location Shelving location Date acquired Source of acquisition Total Checkouts Full call number Barcode Date last seen Price effective from Koha item type
          Central Library (CL) Central Library (CL) Management Sciences 04/14/2022 Donation   658.15 VAN CL-D-1660 04/14/2022 04/14/2022 Book
© 2023 Central Library, National University of Sciences and Technology. All Rights Reserved.